000 004400000a22001810004500
003 MACL
005 20151226164229.0
008 151226b xxu||||| |||| 00| 0 eng d
040 _aMACL
_cMACL
041 _aEnglish
082 _a403/THO
100 _aThorne, J O
_922995
245 _aChambers Biographical Dictionary
260 _bW & R Chambers Ltd
_c1961
350 _a70
650 _aDictionary
_922996
942 _cBK
_k403/THO
_2ddc
999 _c40859
_d40859